Central Library OPAC University of Rajshahi

تشبیہات رومی / Tashbīhāt-i Rūmī / (Record no. 84704)

MARC details
000 -LEADER
fixed length control field 00916nam a2200241 4500
001 - CONTROL NUMBER
control field 84704
003 - CONTROL NUMBER IDENTIFIER
rucl marc code BD-RjUL
005 - DATE AND TIME OF LATEST TRANSACTION
control field 20250219130817.0
008 - FIXED-LENGTH DATA ELEMENTS--GENERAL INFORMATION
fixed length control field 250219s1959 pk ||||| |||| 00| 0 eng d
035 ## - SYSTEM CONTROL NUMBER
System control number (BD-RjUL)84704
040 ## - CATALOGING SOURCE
Original cataloging agency BD-RjUL
Language of cataloging eng
Transcribing agency BD-RjUL
041 ## - LANGUAGE CODE
Language code of text/sound track or separate title urd
082 ## - DEWEY DECIMAL CLASSIFICATION NUMBER
Edition number 23
Classification number 891.43915
Author mark and year RUS 1959
100 ## - MAIN ENTRY--PERSONAL NAME
Personal name Rūmī , Jalāl al-Dīn
9 (RLIN) 15038
245 10 - TITLE STATEMENT
Title تشبیہات رومی / Tashbīhāt-i Rūmī /
Statement of responsibility, etc. عبدالحکیم ;; Abdul Hakimحکیم، خلیفہ عبدال (Author), Jalāl al-Dīn Rūmī /
260 ## - PUBLICATION, DISTRIBUTION, ETC. (IMPRINT)
Place of publication, distribution, etc. Lahore :
Name of publisher, distributor, etc. ادارہ ثقافت اسلامیہ پاکستان ,
Date of publication, distribution, etc. 1959
300 ## - PHYSICAL DESCRIPTION
Pagination 605 p. ;
Size 23 cm
490 ## - SERIES STATEMENT
Series statement ادارہ ثقافت اسلامیہ
600 ## - SUBJECT ADDED ENTRY--PERSONAL NAME
Personal name Rūmī, Jalāl al-Dīn
Dates associated with a name 1207-1273
700 ## - ADDED ENTRY--PERSONAL NAME
Personal name Hakim, Abdul ;; حکیم، خلیفہ عبدال
830 ## - SERIES ADDED ENTRY--UNIFORM TITLE
Volume number/sequential designation ادارہ ثقافت اسلامیہ پاکستان
942 ## - ADDED ENTRY ELEMENTS (KOHA)
Source of classification or shelving scheme Dewey Decimal Classification
Koha item type Books
Holdings
Lost status Source of classification or shelving scheme Damaged status Not for loan Collection code Permanent Location Current Location Shelving location Date acquired Source of acquisition Cost, normal purchase price Total Checkouts Full call number Date last seen Copy number Koha item type
  Dewey Decimal Classification   Not For Loan Non-fiction Central Library, University of Rajshahi Central Library, University of Rajshahi Reading Room 01/10/1971 Sh. Mubarak Ali 8.00   U 891.43915 RUS 1959 19/02/2025 C-1 Books